000 00672nam a2200289Ia 4500
005 20260324141933.0
008 008 260324s9999 xx 000 0 eng d
020 _a9780203416440
037 _aEBOOK
040 _aCRL
040 _beng
040 _cCRL
041 _2eng
041 _aeng
084 _qCRL
100 _aDr Tony Crowley; Tony Crowley
_91210075
245 0 _aLanguage in History
245 0 _bTheories and Texts
260 _bTaylor and Francis
260 _c1996
365 _a
365 _b230
856 _uhttp://www.taylorfrancis.com/books/9780203416440
942 _cEBOOK
999 _c1813698
_d1813698